| 000 | 00885nam a22002177a 4500 | ||
|---|---|---|---|
| 005 | 20240530110909.0 | ||
| 008 | 220214s2009 ua g 000 0 ara d | ||
| 017 |
_bمصر. دار الكتب _a2007/3217 |
||
| 040 |
_aEG-CaGPL _cEG-CaGPL |
||
| 082 | 0 | 4 |
_221 _a327.5650561 / _bع س |
| 100 | _aعقيل سعيد محفوض | ||
| 245 | 1 | 0 |
_aسورية وتركيا : _bالواقع الراهن واحتمالات المستقبل / _cعقيل سعيد محفوض |
| 250 | _aط. 1 | ||
| 260 |
_aبيروت : _bمركز دراسات الوحدة العربية، _c2009 |
||
| 300 |
_a510 ؛ _c24 سم |
||
| 650 | 0 | 7 |
_2qrmak _aالعلاقات السورية التركية |
| 650 | 0 | 7 |
_2qrmak _aالسياسة الخارجية السورية |
| 650 | 0 | 7 |
_2qrmak _aالسياسة الخارجية التركية |
| 942 |
_2ddc _cBK |
||
| 999 |
_c66277 _d66277 |
||